000 00283nam a22001217a 4500
008 180115b xxu||||| |||| 00| 0 eng d
041 _aeng
080 _a101
100 _a24
101 _aFIL
245 _aThe English Philosophers from Bacon to Mill
_cBurtt, E.A
942 _2udc
_cBK
999 _c40299
_d40299